Paul's letters to local churches. (Record no. 5634)

000 -LEADER
fixed length control field 00812nam a2200217 a 4500
001 - CONTROL NUMBER
control field :::00003376$&:&@@
003 - CONTROL NUMBER IDENTIFIER
control field OkBaRHE
005 - DATE AND TIME OF LATEST TRANSACTION
control field 20000607103304.0
008 - FIXED-LENGTH DATA ELEMENTS--GENERAL INFORMATION
fixed length control field s1956 j 000 0 eng u
040 ## - CATALOGING SOURCE
Transcribing agency
100 1# - MAIN ENTRY--PERSONAL NAME
Personal name Ensley, Francis Gerald.
245 10 - TITLE STATEMENT
Title Paul's letters to local churches.
260 ## - PUBLICATION, DISTRIBUTION, ETC. (IMPRINT)
Place of publication, distribution, etc New York, NY., :
Name of publisher, distributor, etc The Methodist Church
Date of publication, distribution, etc c1956
300 ## - PHYSICAL DESCRIPTION
Extent 175 p. : illus. ;
Dimensions 19 cm.
650 ## - SUBJECT ADDED ENTRY--TOPICAL TERM
Topical term or geographic name as entry element Bible New Testament Epistles of Paul
General subdivision Criticism, Interpretation, etc.
650 ## - SUBJECT ADDED ENTRY--TOPICAL TERM
Topical term or geographic name as entry element Bible New Testament Epistles of Paul
General subdivision Theology
650 ## - SUBJECT ADDED ENTRY--TOPICAL TERM
Topical term or geographic name as entry element Paul, Saint, apostle
942 ## - ADDED ENTRY ELEMENTS (KOHA)
Source of classification or shelving scheme
Koha item type Books
Copies
Copy number Date acquired Price effective from Permanent Location Withdrawn status Damaged status Koha item type Full call number Lost status Barcode Shelving location Date last seen Not for loan Source of classification or shelving scheme
12010-04-142010-04-14RHEMA Bible Training College  BooksBS 2650 .E65 3376General Stacks2018-03-28  
22010-04-142010-04-14RHEMA Bible Training College  BooksBS 2650 .E65 15659General Stacks2018-03-28